[Event "Thessaloniki ESSTH HALK-ch U16 11th"]
[Site "Thessaloniki"]
[Date "2018.11.25"]
[Round "6.3"]
[White "Kalogridis, Antonios"]
[Black "Kafandaris, Pavlos"]
[Result "1-0"]
[WhiteElo "1786"]
[BlackElo "1570"]
[PlyCount "67"]
[EventDate "2018.11.03"]
[EventType "swiss"]
[EventRounds "6"]
[EventCountry "GRE"]
[SourceTitle "EXT 2024"]
[Source "ChessBase"]
[SourceDate "2023.10.10"]
[SourceVersion "1"]
[SourceVersionDate "2023.10.10"]
[SourceQuality "1"]

1. d4 d5 2. c4 e6 3. Nc3 Nf6 4. cxd5 exd5 5. Bg5 Nbd7 6. e3 c6 7. Bd3 Be7 8. Nge2 0-0 9. Qc2 Re8 10. 0-0 Nf8 11. f3 Ng6 12. Rad1 Nd7 13. Bxe7 Qxe7 14. e4 dxe4 15. fxe4 Nf6 16. h3 c5 17. e5 cxd4 18. exf6 Qe3+ 19. Kh1 dxc3 20. Nxc3 Be6 21. Rde1 Qh6 22. Bf5 Bxf5 23. Rxe8+ Rxe8 24. Qxf5 gxf6 25. Nd5 Re5 26. Nxf6+ Kg7 27. Ne8+ Kh8 28. Qf6+ Kg8 29. Qxf7+ Kh8 30. Qf6+ Kg8 31. Qd8 Nf8 32. Nf6+ Kh8 33. Ng4 Qg7 34. Rxf8+ 1-0

[Event "EThessaloniki SSTH HALK-ch U16"]
[Site "Thessaloniki"]
[Date "2017.10.01"]
[Round "1.3"]
[White "Kafandaris, Pavlos"]
[Black "Heiladakis, Vasilios"]
[Result "1/2-1/2"]
[WhiteElo "1240"]
[BlackElo "1187"]
[PlyCount "58"]
[EventDate "2017.10.01"]
[EventType "swiss"]
[EventRounds "6"]
[EventCountry "GRE"]
[SourceTitle "EXT 2024"]
[Source "ChessBase"]
[SourceDate "2023.10.10"]
[SourceVersion "1"]
[SourceVersionDate "2023.10.10"]
[SourceQuality "1"]

1. d4 Nf6 2. Nf3 e6 3. Bf4 d5 4. e3 b6 5. Nbd2 Bb7 6. c3 c5 7. Bd3 Be7 8. 0-0 0-0 9. Ne5 Nc6 10. Qe2 c4 11. Bc2 b5 12. Nxc6 Bxc6 13. e4 dxe4 14. Nxe4 Nxe4 15. Bxe4 Bd5 16. Rfe1 Bf6 17. Bxd5 Qxd5 18. Be5 Bxe5 19. Qxe5 Rfe8 20. Qxd5 exd5 21. Kf1 a5 22. Rxe8+ Rxe8 23. Re1 Kf8 24. a3 Rxe1+ 25. Kxe1 Ke7 26. Ke2 Kd6 27. Kd2 Ke6 28. Ke3 g5 29. g4 h6 1/2-1/2